| 000 | 00508nam a2200181Ia 4500 | ||
|---|---|---|---|
| 001 | 25270 | ||
| 005 | 20260414151138.0 | ||
| 008 | 260414t2010||||xx |||||||||||||| ||spa|| | ||
| 041 | _aESP | ||
| 082 |
_a346.43J _bG71 |
||
| 100 |
_aGonzales Barrón, Gunther _eAUT |
||
| 245 | 0 |
_aLa nueva doctrina del derecho registral : _bjurisprudencia de la sala transitoria del tribunal registral |
|
| 260 | _c2010 | ||
| 300 |
_a851 páginas : _c24 cm. |
||
| 650 | _aDER | ||
| 654 | _aCDE | ||
| 942 |
_cLIB _dJUS _fJUS _2ddc _n |
||
| 999 |
_c25270 _d25270 |
||